<?xml version="1.0" encoding="UTF-8"?>
<record
    xmlns:xsi="http://www.w3.org/2001/XMLSchema-instance"
    xsi:schemaLocation="http://www.loc.gov/MARC21/slim http://www.loc.gov/standards/marcxml/schema/MARC21slim.xsd"
    xmlns="http://www.loc.gov/MARC21/slim">

  <leader>01154nam a22003012a 4500</leader>
  <controlfield tag="001">20346</controlfield>
  <controlfield tag="003">BD-RjUL</controlfield>
  <controlfield tag="005">20211209000543.0</controlfield>
  <controlfield tag="008">140227s1964    enk           001 0 eng d</controlfield>
  <datafield tag="035" ind1=" " ind2=" ">
    <subfield code="a">(BD-RjUL)20408</subfield>
    <subfield code="a">OCLC ocm00575846 from D950724M</subfield>
  </datafield>
  <datafield tag="040" ind1=" " ind2=" ">
    <subfield code="a">OWU</subfield>
    <subfield code="c">OWU</subfield>
    <subfield code="d">BD-RjUL</subfield>
    <subfield code="b">eng</subfield>
  </datafield>
  <datafield tag="041" ind1=" " ind2=" ">
    <subfield code="a">eng</subfield>
  </datafield>
  <datafield tag="082" ind1=" " ind2=" ">
    <subfield code="a">832.6</subfield>
    <subfield code="2">18</subfield>
    <subfield code="b">FOU 1964</subfield>
  </datafield>
  <datafield tag="100" ind1="1" ind2=" ">
    <subfield code="a">Allen, John</subfield>
    <subfield code="d">1912-</subfield>
    <subfield code="9">62713</subfield>
  </datafield>
  <datafield tag="245" ind1="1" ind2="0">
    <subfield code="a">Four continental plays :</subfield>
    <subfield code="c">edited with an introduction by John Allen</subfield>
  </datafield>
  <datafield tag="260" ind1=" " ind2=" ">
    <subfield code="a">London :</subfield>
    <subfield code="b">Heinmann,</subfield>
    <subfield code="c">c1964.</subfield>
  </datafield>
  <datafield tag="300" ind1=" " ind2=" ">
    <subfield code="a">x, 149 p. ;</subfield>
    <subfield code="c">19 cm</subfield>
  </datafield>
  <datafield tag="505" ind1="0" ind2=" ">
    <subfield code="a">Broken jug / Kleist -- Jar / Pirandello -- Wedding / Chekhov -- Poet / Niccodemi</subfield>
  </datafield>
  <datafield tag="650" ind1=" " ind2="0">
    <subfield code="a">Drama</subfield>
    <subfield code="x">Translations into English.</subfield>
    <subfield code="9">62714</subfield>
  </datafield>
  <datafield tag="650" ind1=" " ind2="0">
    <subfield code="a">Comedy</subfield>
    <subfield code="x">Translations into English.</subfield>
    <subfield code="9">62715</subfield>
  </datafield>
  <datafield tag="700" ind1="1" ind2="2">
    <subfield code="a">Kleist, Heinrich von</subfield>
    <subfield code="d">1777-1811.</subfield>
    <subfield code="t">Zerbrochene Krug.</subfield>
    <subfield code="l">English.</subfield>
    <subfield code="9">62716</subfield>
  </datafield>
  <datafield tag="700" ind1="1" ind2="2">
    <subfield code="a">Pirandello, Luigi</subfield>
    <subfield code="d">1867-1936.</subfield>
    <subfield code="t">Giara (Short story).</subfield>
    <subfield code="l">English.</subfield>
    <subfield code="9">62717</subfield>
  </datafield>
  <datafield tag="700" ind1="1" ind2="2">
    <subfield code="a">Chekhov, Anton Pavlovich</subfield>
    <subfield code="d">1860-1904.</subfield>
    <subfield code="t">Svad&#x2B9;ba.</subfield>
    <subfield code="l">English.</subfield>
    <subfield code="9">62718</subfield>
  </datafield>
  <datafield tag="700" ind1="1" ind2="2">
    <subfield code="a">Niccodemi, Dario</subfield>
    <subfield code="d">1877-1934.</subfield>
    <subfield code="t">Poeta.</subfield>
    <subfield code="l">English.</subfield>
    <subfield code="9">62719</subfield>
  </datafield>
  <datafield tag="942" ind1=" " ind2=" ">
    <subfield code="2">ddc</subfield>
    <subfield code="c">BK</subfield>
  </datafield>
  <datafield tag="999" ind1=" " ind2=" ">
    <subfield code="c">20346</subfield>
    <subfield code="d">20346</subfield>
  </datafield>
  <datafield tag="952" ind1=" " ind2=" ">
    <subfield code="0">0</subfield>
    <subfield code="1">0</subfield>
    <subfield code="2">ddc</subfield>
    <subfield code="4">0</subfield>
    <subfield code="7">1</subfield>
    <subfield code="8">FIC</subfield>
    <subfield code="a">RUCL</subfield>
    <subfield code="b">RUCL</subfield>
    <subfield code="c">Reading</subfield>
    <subfield code="d">1969-12-16</subfield>
    <subfield code="e">Zetlinger</subfield>
    <subfield code="g">8.60</subfield>
    <subfield code="l">0</subfield>
    <subfield code="o">832.6 FOU 1964</subfield>
    <subfield code="r">2014-02-27 00:00:00</subfield>
    <subfield code="t">C-1</subfield>
    <subfield code="w">2014-02-27</subfield>
    <subfield code="y">BK</subfield>
  </datafield>
</record>
